000
00214nam a22000977a 4500
999
_c
12366
_d
12366
020
_a
9789332536562
082
_a
658.87
100
_a
Michael R. Solomon, Tracy Tuten
245
_a
Social Media Marketing
942
_c
BK